Компліментарні висловловлювання у сучасній англійській мові (Запис № 282526)

МАРК-запис
000 -LEADER
fixed length control field 02193nam a22001577a 4500
041 ## - LANGUAGE CODE
Language code of text/sound track or separate title ukr
080 ## - UNIVERSAL DECIMAL CLASSIFICATION NUMBER
Universal Decimal Classification number 09
090 ## - LOCALLY ASSIGNED LC-TYPE CALL NUMBER (OCLC); LOCAL CALL NUMBER (OCLC)
Local cutter number (OCLC) ; Book number/undivided call number, CALL (RLIN) ШАП
100 ## - MAIN ENTRY--PERSONAL NAME
Personal name Шапран Н. В.
245 ## - TITLE STATEMENT
Title Компліментарні висловловлювання у сучасній англійській мові
260 ## - PUBLICATION, DISTRIBUTION, ETC. (IMPRINT)
Place of publication, distribution, etc Острог
Name of publisher, distributor, etc КАФ
Date of publication, distribution, etc 2004
300 ## - PHYSICAL DESCRIPTION
Extent 86
520 ## - SUMMARY, ETC.
Summary, etc Розділ 1. Структурно-семантичні особливості компліментарних висловлювань<br/>1.1. Особливості загальнокомпліментарних висловлювань, що характеризують адресата <br/>1.2. Класифікація частковокомпліментарних висловлювань, що характеризують адресата <br/>Розділ 2. Функціональні особливості компліментарних висловлювань<br/>2.1. Основна соціальна функція компліментарних висловлювань<br/>2.2. Вплив соціальних факторів на функціонування компліментарних висловлювань<br/>2.2.1. Непрямі компліментарні висловлювання<br/>2.2.2. Образні компліментарні висловлювання<br/>2.2.3. Компліментарні висловлювання з меншим ступенем категоричності <br/>2.3. Функції компліментарних висловлювань у дискурсі<br/>2.3.1. Привітання <br/>2.3.2. Прощання <br/>2.3.3. Вдячність <br/>2.3.4. Згода<br/>2.3.5. Заохочення <br/>2.3.6. Схвалення <br/>2.3.7. Компліментарні висловлювання як засіб вираження іронії<br/>2.3.8. Компліментарні висловлювання як засіб вираження лестощів <br/>2.3.9. Ініціативні та респонсивні компліментарні висловлювання
-- Лексикологія, компліментарні висловлювання
650 ## - SUBJECT ADDED ENTRY--TOPICAL TERM
Topical term or geographic name as entry element Research Papers
942 ## - ADDED ENTRY ELEMENTS (KOHA)
Koha item type Книги
Фонди
Withdrawn status Lost status Source of classification or shelving scheme Damaged status Not for loan Home library Current library Date acquired Source of acquisition Coded location qualifier Cost, normal purchase price Total Checkouts Full call number Barcode Date last seen Price effective from Koha item type
    Universal Decimal Classification     ВІЛ - Відділ іноземн. літератури НБ ВІЛ - Відділ іноземн. літератури НБ 08/08/2005 Акт В31 1.00   09 210088 20/12/2021 16/12/2004 Книги